2025–26 Ligue 1 - Logos - Statistics

General Stats
  • This quiz has been taken 40 times
    26 since last reset
  • The average score is 16 of 18
Answer Stats
Picture Answer % Correct
Lille
100%
Marseille
100%
Nantes
100%
Olympique Lyonnais
100%
Paris Saint-Germain
100%
Monaco
95%
Paris FC
95%
Nice
90%
Rennes
90%
Brest
85%
Le Havre
80%
Lens
80%
Strasbourg
80%
Toulouse
80%
Angers
75%
Auxerre
75%
Lorient
70%
Metz
70%
No matching quizzes found
Score Distribution
Percent of People with Each Score
Percentile by Number Answered
Your Score History
You have not taken this quiz since the last reset